| 000 | 01149cas a2200313 a 4500 | ||
|---|---|---|---|
| 001 | 7814 | ||
| 003 | BD-DhEWU | ||
| 005 | 20150120140512.0 | ||
| 008 | 000417c19uu9999bg uu p 1 0eng | ||
| 010 | _a 99947740 | ||
| 025 | _aB-E-99-947740-S; 021 | ||
| 035 | _a(OCoLC) 43866660 | ||
| 037 | _bRoom 401, Lecture Theatre, University of Dhaka, Dhaka 1000, Bangladesh | ||
| 040 |
_aDLC _beng _cDLC _dDLC _dOCoLC _dBD-DhEWU |
||
| 042 | _apcc | ||
| 043 | _aa-bg--- | ||
| 050 | 0 | 0 |
_aH53. B4 _bP472 |
| 082 | 0 | 4 | _a300 |
| 245 | 0 | 0 | _aPerspectives in social science / |
| 260 |
_aDhaka : _bCentre for Advanced Research in Social Sciences, University of Dhaka |
||
| 300 |
_av. ; _c23 cm. |
||
| 650 | 0 |
_aSocial sciences _xResearch _zBangladesh _vPeriodicals. _919209 |
|
| 710 | 2 |
_aUniversity of Dhaka. _bCentre for Advanced Research in Social Science. _919210 |
|
| 776 | 0 | 8 |
_iOnline version: _tPerspectives in social science _w(OCoLC)607609821 |
| 856 | 4 | 2 | _uhttps://www.worldcat.org/title/perspectives-in-social-science/oclc/43866660&referer=brief_results |
| 942 |
_2ddc _cSERIAL |
||
| 999 |
_c7814 _d7814 |
||